000 01266nam a22003017a 4500
005 20111004114128.0
008 111004t xxu||||| |||| 00| 0 eng d
010 _aENG-103865
020 _a9788125042006
_c745.00
035 _aEN-87398
037 _bDBAD/PUB
040 _aDPL
_bEng
082 0 0 _a954.2
100 _935214
_aAnup Kumar
245 0 0 _aThe making of a small state :
_bpopulist social mobilisation and the Hindi press in the Uttarakhand movement /
_cby Anup Kumar
260 _aNew Delhi
_bOrient Blackswan
_c2011
270 _a1/24, Asaf Ali Road
_bNew Delhi
_e110002
300 _axx,335p. :
_c24cm (Hb)
_bill.
490 _aNew perspectives in South Asian history 2 ; edited by Sanjoy Bhattacharya [and] Niels Brimnes
_935222
500 _aIncludes bibliographical references and index
600 _935206
650 _935208
700 _935211
830 _935213
942 _2ddc
_cEN
_h954.2
_mANU
999 _c57268
_d57268